000 00928ntdaa2200253 ab4500
999 _c24113
_d24113
003 UPSE
005 20200528171157.0
006 amr|pgr|ai| 001 0
008 140809s9999 mx ||||f m||| 00| 0 spa d
040 _aEC-UPSE
_bSPA
041 _aspa
082 _a338.4791
_bCRUc
100 _916120
_aCruz Cruz, Wendy Esther
_eautor
245 _aLa calidad del servicio de alimentos y bebidas y su incidencia en el área nacional de recreación Playas de Villamil, provincia del Guayas, año 2017.
260 _aLa Libertad
_bUniversidad Estatal de la Península de Santa Elena
_c2018
300 _a105 páginas
490 _aHotelería y Turismo
_vNo. 159
502 _cUniversidad Estatal de la Península de Santa Elena
650 0 _913278
_aPROMOCION DEL TURISMO
690 _aA22
700 _914696
_aÁlvarez Plua, Hugo Agustín
_etutor
856 _uhttp://repositorio.upse.edu.ec/handle/46000/4505
942 _2ddc
_c2